000 00532nam a2200181 a 4500
001 37633
005 20180714010637.0
008 140415s1979 000 0 spa d
020 _a8431306203
041 _aspa
082 _a220.67
_bSAR
100 1 _aSARANYANA, JOSE FRANCISCO
245 1 0 _aJOAQUIN DE FIORE Y TOMAS DE AQUINO :
_bHISTORIA DOCTRINAL DE UNA POLOEMICA
260 _a[s.l.] :
_bUNIVERSIDAD DE NAVARRA,
_c1979
300 _a173
490 _aTEOLOGICA
_v22
650 1 4 _aIGLESIA CATOLICA
_xRELIGION
999 _c37633
_d37633